MDQL
is popping MORE tags! Check the
thread
!
Quizzes
Events
Quiz Creation
Community
Videos
Private Events
Remove Ads
Sign In
Join for FREE
Feedback
Dark Mode
Quiz Categories
Sports
Geography
Music
Movies
Television
Just For Fun
Miscellaneous
History
Literature
Language
Science
Gaming
Entertainment
Religion
Holiday
For Kids
Quiz Lab
Recent
Popular Today
Quiz Kudos Today
Editor Picks
Curator Picks
Quizzes by...
Day
Popularity
Type
Ratings
Length
Year
Community
Subscriptions
Recent Discussions
Orange Saloon
Badges
Playlists
Quests
Create
Leaderboards
Showdown
Live 5
Trivia Bingo
Activity
Puzzle Library
Sporcle Events
Private Events
Virtual Trivia
Globe League
Become a Host
Pub Owners
SporcleCon
Opinionation
Our Games
Videos
Blog
Mobile Apps
Partnerships
Remove Ads and Go Orange
Feedback
Sports
Athletes
MLB
NBA
NHL
NFL
Soccer
Sports Teams
WWE
NCAA
Football
Premier League
Basketball
Baseball
Hockey
Golf
Tennis
Cricket
Rugby
Auto Racing
Olympics
World Cup
Sports
Athletes
MLB
NBA
NHL
NFL
Soccer
Sports Teams
WWE
NCAA
Football
Premier League
Basketball
Baseball
Hockey
Golf
Tennis
Cricket
Rugby
Auto Racing
Olympics
World Cup
Random Quiz
Search Sporcle
×
Quiz Lab
Quiz Lab
Sports
Football
Type in answers that appear in a list
Type in answers that appear in a list
Classic
Best Score? Go Orange.
FBS College Football Coaches Stats
Can you name the FBS College Football Coaches?
By
furbs35
5m
30 Questions
304 Plays
304 Plays
304 Plays
Comments
Comments
Give Quiz Kudos
Give Quiz Kudos
-
- Ratings
hide this ad
Replay
Link that replays current quiz
Next Quiz
Link to next quiz in quiz playlist
You Got
0%
They Got
Avg Score
65%
Avg Friend Score
Upgrade to see
Score Distribution
Jump to the score distribution portion of the page
Score
0/30
Timer
05:00
0
Plays Today
College
Head Coach
% Correct
Florida
Will Muschamp
87.5%
Texas
Mack Brown
86.8%
Penn State
Joe Paterno
84.5%
Southern Cal
Lane Kiffin
83.9%
South Carolina
Steve Spurrier
82.2%
Michigan
Brady Hoke
82.2%
Virginia Tech
Frank Beamer
76%
Florida State
Jimbo Fisher
71.7%
Oklahoma State
Mike Gundy
67.8%
Miami
Al Golden
66.1%
Arkansas
Bobby Petrino
66.1%
Illinois
Ron Zook
65.5%
Oregon
Chip Kelly
65.5%
TCU
Gary Patterson
64.1%
Arizona
Mike Stoops
64.1%
College
Head Coach
% Correct
Georgia
Mark Richt
63.8%
Texas Tech
Tommy Tuberville
63.2%
Kansas
Turner Gill
61.2%
Nebraska
Bo Pelini
60.9%
Boise State
Chris Petersen
58.2%
Iowa
Kirk Ferentz
58.2%
Georgia Tech
Paul Johnson
58.2%
Ohio State
Luke Fickell
58.2%
Tennessee
Derek Dooley
55.9%
Washington
Steve Sarkisian
53.9%
BYU
Bronco Mendenhall
53.6%
Pittsburgh
Todd Graham
52.6%
Kansas State
Bill Snyder
50.7%
Maryland
Randy Edsall
48%
Clemson
Dabo Swinney
47.4%
Quiz Playlist
Details
Report
Send in Message
Add To Playlist
Classic:
Type in answers that appear in a list
Last Updated: Feb 16, 2017
Quiz Scoreboard
CHALLENGE
Sign Up to Join the Scoreboard
Show All
Scores
Hide
Comments
May contain spoilers
Recently Published
Holiday 10x10 Sorting Gallery
by lukepisani3
Holiday
15m
Two Season TV Shows II
by 123Four
Television
10m
Image Sorting: Flags VI
by Barbecue
Geography
2m
More to Explore
Quiz From the Vault
Featured Blog Post
14 Easter Pick-up Lines to Find Eggs With
hide this ad
You Might Also Like...
Tags
College Quiz
Football Quiz
coach
FBS
Football Coaches
Today's Top Quizzes in Sports
Browse Sports
hide this ad
Today's Top Quizzes in Football
Browse Football
Top Contributed Quizzes in Sports
1
Les meilleurs buteurs des matchs entre le PSG et l’OM
2
Les entraîneurs de l'OM et du PSG au 21e siècle
3
2022 World Cup Stars
4
Les joueurs passés par le PSG et l'OM
5
Players with Multiple 50 Home Run Seasons
6
FIFA Club World Cup Champions
7
Criteria MLB: Left Handed Sluggers
8
Les joueurs passés par le LOSC et le RC Lens
9
Top 10 NHL Goal Scorers of All Time
10
NBA Logic Puzzle 2.0
Explore More
Trending Topics
Crossword
Marvel
Anime
NBA
Disney
Kpop
Harry Potter
The Office
Song
Soccer
Puzzle
Country
WWE
NFL
Pokémon
hide this ad
More By:
furbs35
Quiz
Plays
Rating
Category
Featured
Created
FBS College Football Coaches
304
2.50
Sports
Oct 27, 2009
Go to Creator's Profile
Score Distribution
Quiz Creator Spotlight
furbs35
Follow
Send a Message
Quizzes Created
-
Created Quiz Play Count
-
More By This Creator
Popular Quizzes Today
1
Find the US States - No Outlines Minefield
2
Colored Red Africa Blitz
3
Find the 'City' Movie
4
The Countries of the World
5
5x2 Blitz: Bands
6
Find the Countries of Europe - No Outlines Minefield
7
Find the US States
8
US States
More Sports Quizzes
100+ Receptions: Green Bay Packers, 2000-2020
Published
Trending Quizzes
Colored Red Europe Blitz I
Colored Red Africa Blitz II
Colored Red Europe Blitz II
Even More Two Season TV Shows
Colored Red Africa Blitz III
Recently Updated
Quick Pick: 20 Twenties
pecheneg
March Madness Men's Triple Doubles
pecheneg
How Do You Spell That?
pecheneg
Godzilla Movies
pecheneg
Grab Bag: 4-10 Letters
pecheneg
2024 March Madness Bracket
pecheneg
Famous TV Couples
Peacemaker
Champions League XIs: Real Madrid
pecheneg
Largest US Cities 1790-2010
pecheneg
Rides in Walt Disney World
pecheneg
Trending Topics
Kpop
Marvel
Crossword
NBA
Anime
Harry Potter
Disney
Country
Soccer
Song
NFL
WWE
The Office
Puzzle
Pokémon
Your Account Isn't Verified!
In order to create a playlist on Sporcle, you need to verify the email address you used during registration. Go to your
Sporcle Settings
to finish the process.
Report this User
Report this user for behavior that violates our
Community Guidelines
.
Details:
Send Report
Go to the Sporcle.com Mobile Site →
Comments